Political and social movements during the sixties and seventies in the Americas and Europe / (Record no. 155459)

MARC details
000 -CABECERA
campo de control de longitud fija 00928nam a2200241 u 4500
005 - FECHA Y HORA DE LA ÚLTIMA TRANSACCIÓN
campo de control 20210223131654.0
008 - ELEMENTOS DE LONGITUD FIJA--INFORMACIÓN GENERAL
campo de control de longitud fija 120208s2004 r 000 0 eng d
020 ## - NÚMERO INTERNACIONAL NORMALIZADO PARA LIBROS
Número Internacional Estándar del Libro 9786077565970
035 ## - NÚMERO DE CONTROL DEL SISTEMA
Número de control de sistema UPN01000183356
049 ## - COLECCIÓN
Colección CG
050 #4 - SIGNATURA TOPOGRÁFICA DE LA BIBLIOTECA DEL CONGRESO
Número de clasificación HN50
Número de documento/Ítem P6.4
245 00 - MENCIÓN DE TÍTULO
Título Political and social movements during the sixties and seventies in the Americas and Europe /
Mención de responsabilidad, etc. ed. Avital H. Bloch ; coord. Alexandra Pita González.
260 ## - PUBLICACIÓN, DISTRIBUCIÓN, ETC.
Lugar de publicación, distribución, etc. México :
Nombre del editor, distribuidor, etc. Universidad de Colima,
Fecha de publicación, distribución, etc. 2010.
300 ## - DESCRIPCIÓN FÍSICA
Extensión 132 p.
440 #0 - MENCIÓN DE SERIE/ASIENTO SECUNDARIO--TÍTULO
Título Intelectuales, movimientos radicales y revolucionarios en la América contemporánea ;
Designación de volumen o secuencia 2
650 #4 - ASIENTO SECUNDARIO DE MATERIA - TERMINO TEMATICO
Término de materia o nombre geográfico como elemento de entrada MOVIMIENTOS SOCIALES -
Subdivisión geográfica AMERICA -
Subdivisión general HISTORIA
9 (RLIN) 20196
650 #4 - ASIENTO SECUNDARIO DE MATERIA - TERMINO TEMATICO
Término de materia o nombre geográfico como elemento de entrada PARTICIPACION POLITICA -
Subdivisión geográfica AMERICA -
Subdivisión general HISTORIA
9 (RLIN) 20194
651 #4 - ASIENTO SECUNDARIO DE MATERIA - NOMBRE GEOGRAFICO
Nombre geográfico AMERICA -
Subdivisión general CONDICIONES SOCIALES
9 (RLIN) 20193
651 #4 - ASIENTO SECUNDARIO DE MATERIA - NOMBRE GEOGRAFICO
Nombre geográfico AMERICA -
Subdivisión general POLITICA Y GOBIERNO
9 (RLIN) 1414
700 1# - ASIENTO SECUNDARIO--NOMBRE DE PERSONAL
Nombre de persona Bloch, Avital H.,
Término indicativo de función/relación ed.
905 ## - TIPO DE MATERIAL
Tipo de material Libro
Holdings
Estado de retiro Estado de pérdida Fuente del sistema de clasificación o colocación Estado dañado No para préstamo Código de colección Localización permanente Ubicación/localización actual Ubicación en estantería Total de préstamos Clasificación Código de barras Fecha visto por última vez Fecha del último préstamo Número de copia Tipo de ítem Koha
    Library of Congress Classification     Colección General Bib. Gregorio Torres Quintero Bib. Gregorio Torres Quintero Planta baja 1 HN50 P6.4 280386 04/06/2025 26/05/2025 1 Libro